00835nab a2200253 uc450000100070000000500170000700800410002403500110006503500210007604000130009704100080011010000500011824500680016865000210023665000290025765000340028665000220032065000360034265000400037865000370041877300970045594200100055299900190056263560920260429101342.0001110nuuuuuuuu spa  a635609 a(OCoLC)819860718 ccomduadb aspa10aMartinez Nocera, Juan Pablo4auteaut932894510aIntroduccion al estudio de los servicios de seguridad razonable aAuditoría9632 aRevisoría fiscal96143 7aControl interno2embne921008 aContaduria922669 7aInformación contable2957653 7aAuditoría financiera2lemb915660 7aServicio al cliente2lemb9660220 tCuadernos de Contabilidad (Bogotá)gNúmero 08, 2000, p. 11-76w583603x0123-14720142615 cARIMP c168930d168930